Praelectiones metaphysicae specialis quas in Collegio Maximo Lovaniensi S. J. habebat Gustavus Lahousse, S. J. nunc in eodem theologiae dogmaticae lector

Detalles Bibliográficos
Autor principal: Lahousse, Gustavus
Formato: Libro
Lenguaje:Latin
Publicado: Lovanii 1898
Edición:Altera editio emendata et adaucta
Materias:
Colección:Banco de datos
Acervo:Biblioteca de la Congregación del Oratorio de San Felipe Neri de México. Iglesia La Profesa
Descripción Física:t. 22 cm.
Tema general:Filosofía
Notas:Encuadernación en cartón con lomo y orillas en piel. Sello en tinta del Oratorio de San Felipe Neri de México. Biblioteca La Profesa, D.F.
LEADER 00993nam a22002050004500
035 |a 3174 
041 0 |a lat 
100 1 |a Lahousse, Gustavus 
245 1 0 |a Praelectiones metaphysicae specialis quas in Collegio Maximo Lovaniensi S. J. habebat Gustavus Lahousse, S. J. nunc in eodem theologiae dogmaticae lector  
250 |a Altera editio emendata et adaucta 
260 |a Lovanii  |b sumptibus et typis Car. Peeters ; Lutetiae Parisiorum  |b Victor Lecoffre ; Friburgi Brisgoviae  |b B. Herder ; Neo-Eboraci  |b Benziger & fr.  |c 1898 
300 |a  t.  |c 22 cm. 
500 |a Encuadernación en cartón con lomo y orillas en piel. Sello en tinta del Oratorio de San Felipe Neri de México. Biblioteca La Profesa, D.F. 
504 |a Índice de cosas 
505 0 0 |a t. 2 Psychologia 
650 1 0 |a Filosofía 
949 |a Iglesia La Profesa, Biblioteca t. 2 (6995) 
942 |c PROFESA 
943 |g Biblioteca de la Congregación del Oratorio de San Felipe Neri de México. Iglesia La Profesa 
999 |c 949985  |d 949985